000
00298nam a2200121Ia 4500
008
240624s9999 xx 000 0 und d
041
_a
eng
082
_a
900 AMI
100
_a
AMIN SHAHID
245
_a
SUBALTERN STUDIES IX
260
_c
2007
_a
New Delhi
_b
Oxford
300
_a
x, : 284 : p. : cm. ; 21
999
_c
21557
_d
21557